ბათუმის შოთა რუსთაველის სახელმწიფო უნივერსიტეტის ბიბლიოთეკა

Сборник задач по высшей математике. (ბიბ.ჩანაწერი № 38932)

000 -LEADER
fixed length control field 00653nam a2200205Ia 4500
001 - CONTROL NUMBER
control field 5355
003 - CONTROL NUMBER IDENTIFIER
control field GE_BSU
008 - FIXED-LENGTH DATA ELEMENTS--GENERAL INFORMATION
fixed length control field 181216s||||||||xx |||||||||||||| ||und||
040 ## - CATALOGING SOURCE
Transcribing agency GE_BSU
080 ## - UNIVERSAL DECIMAL CLASSIFICATION NUMBER
Universal Decimal Classification number 512.643+517.3+517.91
100 ## - MAIN ENTRY--PERSONAL NAME
Personal name Гюнтер Н.М., Кузьмин Р.О.
245 ## - TITLE STATEMENT
Title Сборник задач по высшей математике.
245 ## - TITLE STATEMENT
Remainder of title Изд. 12-Е, испр. Учеб. пособие для вузов.
260 ## - PUBLICATION, DISTRIBUTION, ETC.
Place of publication, distribution, etc. Москва
260 ## - PUBLICATION, DISTRIBUTION, ETC.
Name of publisher, distributor, etc. Гостехиздат
260 ## - PUBLICATION, DISTRIBUTION, ETC.
Date of publication, distribution, etc. 1949
300 ## - PHYSICAL DESCRIPTION
Extent 222 с. 22 см.
653 ## - INDEX TERM--UNCONTROLLED
Uncontrolled term Сборник задач по высшей математике.
942 ## - ADDED ENTRY ELEMENTS (KOHA)
Koha item type წიგნი
ეგზემპლარები
Withdrawn status Lost status Damaged status Not for loan Date acquired Barcode Date last seen Price effective from Koha item type Public note
        2018-12-17 16370 2018-12-17 2018-12-17 წიგნი დარბაზი